Clive Lewis: "Business needs us" (Record no. 34214)

MARC details
000 -LEADER
fixed length control field 00763cab a2200193 4500
001 - CONTROL NUMBER
control field Z3933
008 - FIXED-LENGTH DATA ELEMENTS--GENERAL INFORMATION
fixed length control field 090401t xxu||||| |||| 00| 0 eng d
035 ## - SYSTEM CONTROL NUMBER
System control number (Sirsi) u56030
041 ## - LANGUAGE CODE
Language code of text/sound track or separate title eng
100 ## - MAIN ENTRY--PERSONAL NAME
Personal name Lewis, C.
245 ## - TITLE STATEMENT
Title Clive Lewis: "Business needs us"
350 ## - PRICE (NR) (BK AM CF MU VM SE) [OBSOLETE]
Price 0
490 ## - SERIES STATEMENT
Series statement Estates Gazette
Volume/sequential designation (9328) 17 July, 102-106(2)
520 ## - SUMMARY, ETC.
Summary, etc. Keynote address given by the RICS President for 1993-94. Reiterates the importance of property to the wider economy and the need for surveyors, as property professionals, to address the needs of the market. Announces seven challenges he sees facing the profession.
650 ## - SUBJECT ADDED ENTRY--TOPICAL TERM
Topical term or geographic name entry element PRESIDENTIAL ADDRESS 1993
690 ## - LOCAL SUBJECT ADDED ENTRY--TOPICAL TERM (OCLC, RLIN)
Topical term or geographic name as entry element MANAGEMENT-BUSINESS MANAGEMENT-PROFESSIONAL PRACTICE
942 ## - ADDED ENTRY ELEMENTS (KOHA)
Suppress in OPAC 0
948 ## - LOCAL PROCESSING INFORMATION (OCLC); SERIES PART DESIGNATOR (RLIN)
c (OCLC) 04/03/1997
Holdings
Withdrawn status Lost status Source of classification or shelving scheme Damaged status Not for loan Home library Current library Shelving location Date acquired Total Checkouts Full call number Barcode Date last seen Copy number Price effective from Koha item type
    Dewey Decimal Classification     London London Journal article 14/09/1999   Z3933 56030-1001 06/08/2019 1 06/08/2019 Journal article